10. výročie vzniku Európskej centrálnej banky

Vznik Európskej centrálnej banky a eurozóny. Vytvorenie operačného rámca menovej politiky. Zavedenie eurových bankoviek a mincí. Rozvoj platobnej a zúčtovacej infraštruktúry. Stabilita na finančných trhoch. Menová politika ECB v kontexte hospodárskeho vývoja eurozóny. Výzvy do budúcnosti.

Salvato in:
Dettagli Bibliografici
Autore principale: Dudlák, Anton
Natura: Capitolo di libro
Lingua:slovacco
Soggetti:
Tags: Aggiungi Tag
Nessun Tag, puoi essere il primo ad aggiungerne!!

MARC

LEADER 00000naa$a2200000$$$4500
001 0075615
005 20231116084645.4
041 0 |a slo 
044 |a SK 
245 1 0 |a 10. výročie vzniku Európskej centrálnej banky  |c Anton Dudlák 
520 |a Vznik Európskej centrálnej banky a eurozóny. Vytvorenie operačného rámca menovej politiky. Zavedenie eurových bankoviek a mincí. Rozvoj platobnej a zúčtovacej infraštruktúry. Stabilita na finančných trhoch. Menová politika ECB v kontexte hospodárskeho vývoja eurozóny. Výzvy do budúcnosti. 
610 2 0 |a bankovníctvo 
610 2 0 |a banky centrálne 
610 2 0 |a politika menová 
610 2 0 |a euro 
610 2 0 |a eurozóna 
610 2 0 |a trh finančný 
610 2 0 |a Európska únia 
100 1 |a Dudlák, Anton